[Event "Condigne Dutch Open 2016"]
[Site "dieren"]
[Date "2016.07.28"]
[Round "3"]
[White "Hendriks, Willy"]
[Black "Gerlagh, Joris"]
[Result "1/2-1/2"]
[WhiteElo "2407"]
[BlackElo "2172"]
[PlyCount "48"]
[EventDate "2016.07.27"]
[EventCountry "NED"]

1. c4 e6 2. b3 d5 3. Nf3 Nf6 4. g3 a6 5. Bg2 b5 6. O-O c5 7. d4 Bb7 8. cxd5
Nxd5 9. Bb2 cxd4 10. Nxd4 Be7 11. Nd2 O-O 12. Rc1 Qb6 13. Qc2 Nd7 14. Nc6 Bg5
15. Bxd5 exd5 16. Qf5 Bxd2 17. Qxd7 Bxc1 18. Ne7+ Kh8 19. Rxc1 Rad8 20. Qg4 d4
21. Nf5 Qg6 22. Qf4 Rc8 23. Rxc8 Bxc8 24. Ba3 Qxf5 1/2-1/2

[Event "Condigne Dutch Open 2016"]
[Site "dieren"]
[Date "2016.07.28"]
[Round "3"]
[White "Bus, Tom"]
[Black "Van Foreest, Lucas"]
[Result "0-1"]
[WhiteElo "2226"]
[BlackElo "2367"]
[PlyCount "95"]
[EventDate "2016.07.27"]
[EventCountry "NED"]

1. d4 Nf6 2. c4 e6 3. g3 d5 4. Nf3 Be7 5. Bg2 O-O 6. O-O dxc4 7. Qc2 a6 8. a4
Bd7 9. Qxc4 Bc6 10. Bf4 Bd6 11. Qc1 a5 12. Rd1 Na6 13. Nc3 Nb4 14. Ne5 Bxg2 15.
Kxg2 Ra6 16. Bg5 Be7 17. f3 h6 18. Be3 Qb8 19. Nc4 Rc8 20. Bf4 Nfd5 21. e4
Nxf4+ 22. Qxf4 Nc2 23. Rac1 Bg5 24. Qxg5 hxg5 25. Rxc2 c6 26. e5 Rc7 27. Ne4 g4
28. fxg4 b5 29. Ncd6 bxa4 30. Rdd2 Qb3 31. h4 Rb6 32. Rc5 a3 33. bxa3 Qe3 34.
Rc3 Qe1 35. g5 Rb1 36. Kh3 Rd1 37. Rdd3 Qe2 38. Rf3 Rh1+ 39. Kg4 Rd1 40. Rb3
Rxd4 41. Rbe3 Qc2 42. Kh3 Qb1 43. g4 Rxd6 44. Nxd6 Qh1+ 45. Kg3 Qg1+ 46. Kh3
Qh1+ 47. Kg3 Qg1+ 48. Kh3 {rest onleesbaar} 0-1

[Event "Condigne Dutch Open 2016"]
[Site "dieren"]
[Date "2016.07.28"]
[Round "3"]
[White "Beukema, Stefan"]
[Black "Vos, Tjark"]
[Result "1-0"]
[WhiteElo "2355"]
[BlackElo "2156"]
[PlyCount "49"]
[EventDate "2016.07.27"]
[EventCountry "NED"]

1. e4 e6 2. d4 d5 3. Nc3 Bb4 4. e5 c5 5. a3 Bxc3+ 6. bxc3 Ne7 7. Qg4 Kf8 8. Bd2
Qe8 9. a4 Bd7 10. dxc5 Qc8 11. Nf3 Qxc5 12. Bd3 Nbc6 13. O-O Rc8 14. Rfb1 Na5
15. c4 Qc7 16. Bb4 Bc6 17. Ng5 h6 18. Nxe6+ fxe6 19. Qxe6 Rd8 20. Bg6 Be8 21.
Ra3 Bxg6 22. Rf3+ Ke8 23. Bxe7 Qxe7 24. Qxg6+ Kd7 25. Rf7 1-0

[Event "Condigne Dutch Open 2016"]
[Site "dieren"]
[Date "2016.07.28"]
[Round "3"]
[White "Van Meegen, Ruud"]
[Black "De Jong, Migchiel"]
[Result "1-0"]
[WhiteElo "2201"]
[BlackElo "2342"]
[PlyCount "67"]
[EventDate "2016.07.27"]
[EventCountry "NED"]

1. d4 Nf6 2. c4 g6 3. Nc3 Bg7 4. e4 O-O 5. e5 Ne8 6. f4 d6 7. Nf3 c5 8. dxc5
Nc6 9. cxd6 exd6 10. Be2 Bg4 11. O-O dxe5 12. Nxe5 Bxe2 13. Qxe2 Nxe5 14. fxe5
Qd4+ 15. Be3 Qxe5 16. Rad1 Nc7 17. Qf2 Ne6 18. Bxa7 Qa5 19. Be3 Qb4 20. Rd7
Qxc4 21. Nd5 Rxa2 22. Nf6+ Kh8 23. Rxb7 Ra5 24. b3 Qd3 25. Qd2 Qxd2 26. Bxd2
Ra2 27. Bb4 Rc8 28. Bd6 Re2 29. Rxf7 Rcc2 30. Ne8 Rxg2+ 31. Kh1 Rgd2 32. Be5
Kg8 33. Nxg7 Rc6 34. Nxe6 1-0

[Event "Condigne Dutch Open 2016"]
[Site "dieren"]
[Date "2016.07.28"]
[Round "3"]
[White "Sparenberg, Erik"]
[Black "Kollen, Zyon"]
[Result "0-1"]
[WhiteElo "2147"]
[BlackElo "2310"]
[PlyCount "92"]
[EventDate "2016.07.27"]
[EventCountry "NED"]

1. e4 e6 2. d4 d5 3. exd5 exd5 4. Nf3 Nc6 5. Bd3 Bd6 6. O-O Nge7 7. c3 Bg4 8.
Nbd2 Qd7 9. Qc2 O-O-O 10. b4 Rde8 11. a4 f6 12. a5 Bf5 13. Nb3 a6 14. Nc5 Bxc5
15. bxc5 Bxd3 16. Qxd3 Qf5 17. Qd1 h5 18. Be3 h4 19. Nd2 g5 20. Qb3 h3 21. g3
Qd3 22. Rfb1 Nf5 23. Qxb7+ Kd7 24. Rb6 Re6 25. Re1 Nxe3 26. Nf1 Qe4 27. Nxe3
Rb8 28. Qxa6 cxb6 29. axb6 f5 30. Qf1 f4 31. Qxh3 fxe3 32. Rxe3 Qg6 33. Qg4 Ne7
34. c4 Nf5 35. cxd5 Rxe3 36. fxe3 Ke8 37. Qe4+ Ne7 38. Qe5 Ra8 39. Qh8+ Ng8 40.
Qe5+ Kf8 41. e4 Ra1+ 42. Kg2 Qh5 43. Qf5+ Kg7 44. Qf2 g4 45. h4 gxh3+ 46. Kh2
Nf6 0-1

[Event "Condigne Dutch Open 2016"]
[Site "dieren"]
[Date "2016.07.28"]
[Round "3"]
[White "Maddens, Martijn"]
[Black "Lecomte, Robin"]
[Result "1-0"]
[WhiteElo "2126"]
[BlackElo "2288"]
[PlyCount "53"]
[EventDate "2016.07.27"]
[EventCountry "NED"]

1. e4 g6 2. d4 Bg7 3. Nc3 d6 4. f4 Nf6 5. Nf3 O-O 6. Bd3 b6 7. e5 Nfd7 8. Be4
c6 9. h4 e6 10. h5 f5 11. exf6 Qxf6 12. hxg6 hxg6 13. Be3 d5 14. Bd3 c5 15.
dxc5 bxc5 16. Nh4 Ba6 17. Bxg6 Nc6 18. Qh5 Rfc8 19. Bh7+ Kf8 20. f5 Ne7 21.
O-O-O exf5 22. Bg5 Qf7 23. Bxe7+ Kxe7 24. Rhe1+ Ne5 25. Nxf5+ Kf8 26. Nxg7 Qxg7
27. Rxe5 1-0

[Event "Condigne Dutch Open 2016"]
[Site "dieren"]
[Date "2016.07.28"]
[Round "3"]
[White "Van Osch, Mees"]
[Black "Bakker, Guido"]
[Result "1-0"]
[WhiteElo "2275"]
[BlackElo "2134"]
[PlyCount "59"]
[EventDate "2016.07.27"]
[EventCountry "NED"]

1. e4 c5 2. Nf3 Nc6 3. d4 cxd4 4. Nxd4 Nf6 5. Nc3 e5 6. Ndb5 d6 7. Bg5 a6 8.
Na3 b5 9. Bxf6 gxf6 10. Nd5 f5 11. Bd3 Be6 12. O-O Bxd5 13. exd5 Ne7 14. Nxb5
Bg7 15. Nc3 e4 16. Bc4 Ng6 17. Qh5 Qc8 18. Bb3 O-O 19. Rae1 Re8 20. f4 a5 21.
a4 Rb8 22. Kh1 Bxc3 23. bxc3 Qxc3 24. Qxf5 Rb4 25. Qd7 Re7 26. Qd8+ Kg7 27. f5
f6 28. fxg6 Qe5 29. gxh7 Kxh7 30. Re3 1-0

[Event "Condigne Dutch Open 2016"]
[Site "dieren"]
[Date "2016.07.28"]
[Round "3"]
[White "Ratsma, Midas"]
[Black "Kiremitciyan, Ari"]
[Result "0-1"]
[WhiteElo "2171"]
[BlackElo "2071"]
[PlyCount "78"]
[EventDate "2016.07.27"]
[EventCountry "NED"]

1. e4 c5 2. Nf3 Nc6 3. g3 g6 4. Bg2 d6 5. O-O Bg7 6. c3 Bg4 7. d3 Nf6 8. Nbd2
O-O 9. h3 Bxf3 10. Nxf3 c4 11. Re1 cxd3 12. Qxd3 Nd7 13. Qe2 Nc5 14. Bd2 Qb6
15. b3 Qa6 16. Qe3 b5 17. e5 Rac8 18. exd6 exd6 19. Qe2 d5 20. a4 b4 21. Qxa6
Nxa6 22. Rec1 Na5 23. cxb4 Bxa1 24. bxa5 Rxc1+ 25. Bxc1 d4 26. Bf1 Nc5 27. Bc4
Kg7 28. Bf4 Rd8 29. Kf1 f6 30. Ke2 d3+ 31. Kd1 Ne4 32. Nd2 Nxf2+ 33. Kc1 Re8
34. Nf3 Nxh3 35. Bd6 Re3 36. Bd5 Bc3 37. a6 Re2 38. Bc5 Ra2 39. Kb1 Ra1# 0-1

[Event "Condigne Dutch Open 2016"]
[Site "dieren"]
[Date "2016.07.29"]
[Round "4"]
[White "Sandipan, Chanda"]
[Black "L'Ami, Erwin"]
[Result "1/2-1/2"]
[WhiteElo "2568"]
[BlackElo "2606"]
[PlyCount "91"]
[EventDate "2016.07.27"]
[EventCountry "NED"]
[TimeControl "6000+985"]
[WhiteClock "0:14:45"]
[BlackClock "0:21:32"]

1. Nf3 f5 2. g3 Nf6 3. Bg2 g6 4. b4 Bg7 5. Bb2 d6 6. c4 e5 7. d3 O-O 8. O-O h6
9. Nbd2 g5 10. c5 Be6 11. Nc4 Nc6 12. b5 Ne7 13. Nfd2 e4 14. cxd6 cxd6 15. dxe4
fxe4 16. Ne3 d5 17. Nb3 b6 18. Nd4 Qd7 19. Rc1 Rf7 20. f3 Raf8 21. Rc7 Qxc7 22.
Nxe6 Qd7 23. Nxf8 Qxb5 24. Qa1 Rxf8 25. fxe4 Qxe2 26. Re1 Qh5 27. exd5 Nc8 28.
Nf5 Ng4 29. h3 Bxb2 30. Qxb2 Rxf5 31. Re6 Rf7 32. Re8+ Rf8 33. Rxf8+ Kxf8 34.
Qh8+ Kf7 35. Qxc8 Nf6 36. Qc7+ Kf8 37. d6 Qf7 38. Qc8+ Qe8 39. Qc7 Qe5 40. Qd8+
Kf7 41. Qc7+ Kf8 42. Qb8+ Ne8 43. Qxa7 Qxd6 44. Qh7 Qf6 45. Kh2 Nd6 46. Qc7
1/2-1/2

[Event "Condigne Dutch Open 2016"]
[Site "dieren"]
[Date "2016.07.29"]
[Round "4"]
[White "Reinderman, Dimitri"]
[Black "Zwirs, Nico"]
[Result "1-0"]
[WhiteElo "2584"]
[BlackElo "2374"]
[PlyCount "67"]
[EventDate "2016.07.27"]
[EventCountry "NED"]
[TimeControl "6000+1210"]
[WhiteClock "0:27:42"]
[BlackClock "0:01:07"]

1. c4 e5 2. Nc3 Nf6 3. Nf3 Nc6 4. g3 g6 5. d4 exd4 6. Nxd4 Bg7 7. Bg2 O-O 8.
O-O Re8 9. Nc2 d6 10. b3 Bf5 11. Bb2 Ne4 12. Bxe4 Bxe4 13. Ne3 Ne7 14. Qd2 Bc6
15. Rac1 Qd7 16. Ncd5 Bxb2 17. Qxb2 Bxd5 18. cxd5 c6 19. dxc6 bxc6 20. Rfd1 d5
21. Rd4 h5 22. g4 h4 23. Rf4 d4 24. Rxd4 Nd5 25. h3 Qe6 26. Nxd5 cxd5 27. e3
Qf6 28. Kg2 Rac8 29. Rxc8 Rxc8 30. Qd2 Rc5 31. Rxd5 Qc6 32. e4 Kh7 33. Qf4 Kg8
34. Qb8+ 1-0

[Event "Condigne Dutch Open 2016"]
[Site "dieren"]
[Date "2016.07.29"]
[Round "4"]
[White "Schippers, Maurice"]
[Black "Ikonnikov, Vyacheslav"]
[Result "0-1"]
[WhiteElo "2220"]
[BlackElo "2538"]
[PlyCount "96"]
[EventDate "2016.07.27"]
[EventCountry "NED"]
[TimeControl "6000+785"]
[WhiteClock "0:27:47"]
[BlackClock "0:35:51"]

1. e4 g6 2. d4 Bg7 3. Nf3 c6 4. Nc3 d6 5. Be2 b5 6. a3 Nf6 7. O-O O-O 8. Re1
Nbd7 9. Bg5 h6 10. Bh4 g5 11. Bg3 Nh5 12. Qd2 Nxg3 13. hxg3 a6 14. Rad1 Bb7 15.
Qe3 Qb6 16. Bf1 Rad8 17. Ne2 e6 18. Nc1 c5 19. c3 c4 20. Nh2 e5 21. d5 Qxe3 22.
Rxe3 f5 23. f3 f4 24. gxf4 exf4 25. Ree1 Nc5 26. Kf2 Bc8 27. Be2 h5 28. Rh1 Kf7
29. Na2 g4 30. Nf1 Kg6 31. Nb4 g3+ 32. Ke1 Rh8 33. Nd2 h4 34. Bf1 h3 35. gxh3
Rh4 36. Nc6 Re8 37. Nb1 Bf6 38. Nd4 Bxd4 39. cxd4 Na4 40. Kd2 Reh8 41. e5 Bxh3
42. exd6 Bf5 43. Rxh4 Rxh4 44. Nc3 Rh2+ 45. Be2 Nxc3 46. bxc3 Kf7 47. Re1 Bd3
48. d7 Ke7 0-1

[Event "Condigne Dutch Open 2016"]
[Site "dieren"]
[Date "2016.07.29"]
[Round "4"]
[White "Horvath, Csaba"]
[Black "Debashis, Das"]
[Result "1-0"]
[WhiteElo "2520"]
[BlackElo "2451"]
[PlyCount "47"]
[EventDate "2016.07.27"]
[EventCountry "NED"]
[TimeControl "6000+2135"]
[WhiteClock "0:24:01"]
[BlackClock "0:20:37"]

1. Nf3 Nf6 2. g3 e6 3. Bg2 d5 4. O-O Be7 5. c4 O-O 6. d4 dxc4 7. Qc2 a6 8. a4
Bd7 9. Rd1 Bc6 10. Nc3 Nbd7 11. e4 b5 12. d5 exd5 13. e5 Ne8 14. Nxd5 Bxd5 15.
Rxd5 c6 16. Rd1 Qc7 17. Bf4 Nc5 18. axb5 cxb5 19. e6 Qc8 20. exf7+ Rxf7 21. Ne5
Rf8 22. Qe2 Nf6 23. Nc6 Bd8 24. Rxd8 1-0

[Event "Condigne Dutch Open 2016"]
[Site "dieren"]
[Date "2016.07.29"]
[Round "4"]
[White "Maris, Ivo"]
[Black "Hausrath, Daniel"]
[Result "1/2-1/2"]
[WhiteElo "2370"]
[BlackElo "2483"]
[PlyCount "47"]
[EventDate "2016.07.27"]
[EventCountry "NED"]
[TimeControl "6000+935"]
[WhiteClock "0:38:12"]
[BlackClock "0:41:56"]

1. e4 c5 2. Nf3 Nc6 3. d4 cxd4 4. Nxd4 g6 5. c4 Bg7 6. Be3 Nf6 7. Nc3 O-O 8.
Be2 d6 9. O-O Bd7 10. Qd2 a5 11. f3 a4 12. Ndb5 Qa5 13. Rfd1 Rfc8 14. Rac1 Be6
15. b3 axb3 16. axb3 Nd7 17. Nd5 Qxd2 18. Rxd2 Bxd5 19. cxd5 Nb4 20. Rxc8+ Rxc8
21. Bc4 Ne5 22. Be2 Nd7 23. Bc4 Ne5 24. Be2 1/2-1/2

[Event "Condigne Dutch Open 2016"]
[Site "dieren"]
[Date "2016.07.29"]
[Round "4"]
[White "Khenkin, Igor"]
[Black "Van Osch, Mees"]
[Result "1-0"]
[WhiteElo "2553"]
[BlackElo "2275"]
[PlyCount "111"]
[EventDate "2016.07.27"]
[EventCountry "NED"]
[TimeControl "6000+1000"]
[WhiteClock "0:10:43"]
[BlackClock "0:05:34"]

1. d4 Nf6 2. c4 e6 3. Nf3 b6 4. g3 Bb7 5. Bg2 Be7 6. O-O O-O 7. Nc3 Ne4 8. Bd2
d5 9. cxd5 exd5 10. Rc1 Nd7 11. Qb3 Nxc3 12. Bxc3 Nf6 13. Bb4 Ne4 14. Bxe7 Qxe7
15. Rfd1 Rac8 16. e3 Rfd8 17. Nd2 Nf6 18. Qa4 a5 19. a3 Qe8 20. Qxe8+ Nxe8 21.
Bh3 Rb8 22. Nf3 Bc8 23. Bf1 f6 24. Ne1 Bd7 25. Nd3 c6 26. b4 Ra8 27. bxa5 Rxa5
28. Nb4 Rc8 29. Rd2 Rxa3 30. Rdc2 Kf8 31. Nxd5 cxd5 32. Rxc8 Bxc8 33. Rxc8 Rb3
34. Be2 Ke7 35. Bf3 Kd7 36. Bg4+ Ke7 37. h4 b5 38. Bf3 Kd7 39. Bg4+ Ke7 40. Bf3
Kd7 41. Rb8 Rb1+ 42. Kg2 Nc7 43. Rg8 Ne8 44. Bxd5 b4 45. Bc4 Ke7 46. Bb5 Nd6
47. Bd3 Kf7 48. Rd8 Rb3 49. Bxh7 Ke7 50. Rg8 Kf7 51. Rb8 Ke7 52. e4 Rb2 53. e5
Nc4 54. Rb7+ Kf8 55. e6 Nd6 56. Rd7 1-0

[Event "Condigne Dutch Open 2016"]
[Site "dieren"]
[Date "2016.07.29"]
[Round "4"]
[White "Pruijssers, Roeland"]
[Black "Schoppen, Casper"]
[Result "1-0"]
[WhiteElo "2463"]
[BlackElo "2298"]
[PlyCount "71"]
[EventDate "2016.07.27"]
[EventCountry "NED"]
[TimeControl "6000+1275"]
[WhiteClock "0:32:46"]
[BlackClock "0:20:39"]

1. e4 e5 2. Nf3 Nc6 3. Bb5 Nf6 4. d3 Bc5 5. c3 d6 6. O-O O-O 7. Nbd2 a6 8. Ba4
Ba7 9. h3 Ne7 10. Re1 Ng6 11. Nf1 h6 12. Ng3 Be6 13. d4 b5 14. Bc2 c5 15. Be3
Re8 16. Qd2 Qc7 17. a4 Bb6 18. d5 Bd7 19. Bxh6 gxh6 20. Qxh6 Qd8 21. Nf5 Bxf5
22. exf5 Nf8 23. Ng5 c4 24. Re4 Nxe4 25. Nxe4 Bxf2+ 26. Kxf2 f6 27. Nxf6+ Kf7
28. Nxe8 Qb6+ 29. Qe3 Qxe3+ 30. Kxe3 Rxe8 31. axb5 axb5 32. Ra7+ Kf6 33. Be4
Rb8 34. h4 b4 35. g4 bxc3 36. g5# 1-0

[Event "Condigne Dutch Open 2016"]
[Site "dieren"]
[Date "2016.07.29"]
[Round "4"]
[White "Sagar, Shah"]
[Black "Vrolijk, Liam"]
[Result "1-0"]
[WhiteElo "2433"]
[BlackElo "2213"]
[PlyCount "105"]
[EventDate "2016.07.27"]
[EventCountry "NED"]
[TimeControl "6000+1025"]
[WhiteClock "0:07:20"]
[BlackClock "0:21:25"]

1. d4 Nf6 2. c4 e6 3. Nc3 Bb4 4. Nf3 b6 5. Bg5 Bb7 6. Qc2 h6 7. Bh4 g5 8. Bg3
Ne4 9. Nd2 Bxc3 10. bxc3 f5 11. e3 d6 12. Nxe4 Bxe4 13. Qb3 Qf6 14. f3 Bb7 15.
c5 f4 16. Bf2 dxc5 17. Bb5+ c6 18. Bc4 Nd7 19. Bxe6 fxe3 20. Bxe3 O-O-O 21. O-O
Rhe8 22. Bxd7+ Rxd7 23. Bf2 cxd4 24. cxd4 Ba6 25. Rfc1 Kb7 26. a4 Qf5 27. Qc3
Re6 28. a5 b5 29. Bg3 h5 30. Be5 Rd5 31. Qb4 Re8 32. Rc5 Rxc5 33. Qxc5 Qe6 34.
Rc1 Rd8 35. h3 Re8 36. Bd6 Rc8 37. Bg3 Qd7 38. Re1 Re8 39. Rxe8 Qxe8 40. Qxg5
b4 41. Qc5 Bb5 42. Qxb4 Ka6 43. Qc5 Qf7 44. Be1 Qe6 45. Qe5 Qc4 46. Kh2 Qf1 47.
Qe8 Ba4 48. Qc8+ Kb5 49. Qb7+ Kc4 50. Qb4+ Kd5 51. Qc5+ Ke6 52. Qe5+ Kd7 53.
Bg3 1-0

[Event "Condigne Dutch Open 2016"]
[Site "dieren"]
[Date "2016.07.29"]
[Round "4"]
[White "Beerdsen, Thomas"]
[Black "Van Meegen, Ruud"]
[Result "1-0"]
[WhiteElo "2414"]
[BlackElo "2201"]
[PlyCount "65"]
[EventDate "2016.07.27"]
[EventCountry "NED"]
[TimeControl "6000+1160"]
[WhiteClock "0:20:43"]
[BlackClock "0:06:57"]

1. e4 e5 2. Nf3 Nc6 3. d4 exd4 4. Nxd4 Bc5 5. Nb3 Bb6 6. Nc3 Nf6 7. Qe2 a5 8.
a4 O-O 9. Be3 Bxe3 10. Qxe3 d6 11. O-O-O Qe7 12. f3 Nb4 13. g4 c6 14. g5 Nfd5
15. Qd2 Nxc3 16. bxc3 Na6 17. Qxd6 Qxg5+ 18. f4 Qh4 19. Rg1 Bg4 20. Rd3 Rad8
21. Qe5 Rxd3 22. Bxd3 h5 23. f5 Rd8 24. Qg3 Qf6 25. Bxa6 bxa6 26. h3 Be2 27.
Qe3 Bc4 28. Nd2 Bd3 29. e5 Qxf5 30. Rg5 Qe6 31. cxd3 Qa2 32. Rxg7+ Kxg7 33.
Qg5+ 1-0

[Event "Condigne Dutch Open 2016"]
[Site "dieren"]
[Date "2016.07.29"]
[Round "4"]
[White "Van Dooren, Dirk"]
[Black "Maddens, Martijn"]
[Result "0-1"]
[WhiteElo "2390"]
[BlackElo "2126"]
[PlyCount "50"]
[EventDate "2016.07.27"]
[EventCountry "NED"]

1. e4 e5 2. f4 d5 3. exd5 exf4 4. Nf3 Nf6 5. Bb5+ c6 6. dxc6 Nxc6 7. d4 Bd6 8.
O-O O-O 9. Nbd2 Re8 10. Nc4 Bc7 11. Nfe5 Qxd4+ 12. Qxd4 Nxd4 13. Bxe8 Nxe8 14.
a4 Nxc2 15. Ra2 f6 16. Nd3 g5 17. b3 Bf5 18. Nc5 Nd6 19. Bxf4 gxf4 20. Rxf4
Nxc4 21. Rxf5 N4e3 22. Rf2 Bb6 23. Rfxc2 Nxc2 24. Rxc2 Rc8 25. b4 a5 0-1

[Event "Condigne Dutch Open 2016"]
[Site "dieren"]
[Date "2016.07.29"]
[Round "4"]
[White "Kollen, Zyon"]
[Black "Van Foreest, Lucas"]
[Result "1/2-1/2"]
[WhiteElo "2310"]
[BlackElo "2367"]
[PlyCount "98"]
[EventDate "2016.07.27"]
[EventCountry "NED"]

1. d4 d5 2. Nf3 Nf6 3. c4 c6 4. e3 Bg4 5. Nc3 e6 6. h3 Bh5 7. g4 Bg6 8. Ne5
Nbd7 9. Nxg6 hxg6 10. cxd5 exd5 11. Bg2 Bd6 12. Bd2 Qe7 13. Qc2 Nb6 14. O-O-O
Nc4 15. b3 Nxd2 16. Rxd2 Qc7 17. Kb1 Bb4 18. g5 Bxc3 19. Qxc3 Nh7 20. Bxd5 Nxg5
21. f4 O-O-O 22. Bg2 Ne6 23. Rc1 Kb8 24. b4 Rh5 25. Rb2 Qb6 26. a4 Nc7 27. b5
cxb5 28. a5 Qd6 29. Rbc2 Rd7 30. a6 b4 31. Qd3 Qxa6 32. Qxa6 bxa6 33. Bc6 Re7
34. e4 Rxh3 35. d5 Rxe4 36. d6 Rxf4 37. Bd5 Nxd5 38. d7 Nc3+ 39. Rxc3 Rd4 40.
Rxh3 Rxd7 41. Rh4 a5 42. Rc5 Kb7 43. Rxa5 Kb6 44. Rg5 a5 45. Rh7 Rd1+ 46. Kc2
Rf1 $11 47. Rxg7 Rf2+ 48. Kb3 Rf3+ 49. Kc2 Rf2+ 1/2-1/2

[Event "Condigne Dutch Open 2016"]
[Site "dieren"]
[Date "2016.07.29"]
[Round "4"]
[White "Heemskerk, Wim"]
[Black "Sahil, Tickoo"]
[Result "1/2-1/2"]
[WhiteElo "2201"]
[BlackElo "2016"]
[PlyCount "86"]
[EventDate "2016.07.27"]
[EventCountry "NED"]

1. Nf3 d5 2. g3 Nf6 3. Bg2 c6 4. O-O Bf5 5. d3 h6 6. c4 dxc4 7. dxc4 Qxd1 8.
Rxd1 Nbd7 9. Nc3 e6 10. Bf4 g5 11. Be3 Ng4 12. Bd2 Bc5 13. Be1 Nge5 14. Nxe5
Nxe5 15. Ne4 Bxe4 16. Bxe4 Ke7 17. Bc3 f6 18. b4 Bb6 19. c5 Bc7 20. a4 Rad8 21.
Rxd8 Rxd8 22. b5 f5 23. Bg2 Nc4 24. bxc6 bxc6 25. Rb1 Be5 26. Bxe5 Nxe5 27. f4
gxf4 28. gxf4 Nd7 29. Rb7 Kf6 30. Bxc6 Nxc5 31. Rxa7 Rd4 32. e3 Rd1+ 33. Kg2
Rd2+ 34. Kg3 Rd3 35. Kf3 Rd2 36. Be8 e5 37. fxe5+ Kxe5 38. Ra5 Kd6 39. Bg6 Rxh2
40. Bxf5 Ra2 41. Rb5 Rxa4 42. Rb6+ Ke5 43. Bg4 Ra6 1/2-1/2

[Event "Condigne Dutch Open 2016"]
[Site "dieren"]
[Date "2016.07.29"]
[Round "4"]
[White "Evengroen, Henk-Jan"]
[Black "Milov, Leonid"]
[Result "1/2-1/2"]
[WhiteElo "2179"]
[BlackElo "2430"]
[PlyCount "65"]
[EventDate "2016.07.27"]
[EventCountry "NED"]

1. d4 Nf6 2. c4 c5 3. d5 b5 4. cxb5 a6 5. e3 axb5 6. Bxb5 Qa5+ 7. Nc3 Bb7 8.
Bd2 Qb6 9. Nf3 Nxd5 10. a4 Nf6 11. O-O e6 12. Ne5 Qc7 13. Nc4 Be7 14. e4 O-O
15. e5 Ne4 16. Bf4 Nxc3 17. bxc3 Be4 18. Ra2 Qb7 19. Qg4 f6 20. Rd2 f5 21. Qg3
Bd5 22. Bh6 Rf7 23. Rxd5 exd5 24. e6 dxe6 25. Be8 Bf8 26. Bxf7+ Qxf7 27. Nb6
Ra7 28. Qxb8 gxh6 29. Qe5 Bg7 30. Qb8+ Bf8 31. Qe5 Bg7 32. Qb8+ Bf8 33. Qe5
1/2-1/2

[Event "Condigne Dutch Open 2016"]
[Site "dieren"]
[Date "2016.07.29"]
[Round "4"]
[White "Van der Zon, Stef"]
[Black "Hendriks, Willy"]
[Result "1/2-1/2"]
[WhiteElo "2057"]
[BlackElo "2407"]
[PlyCount "149"]
[EventDate "2016.07.27"]
[EventCountry "NED"]

1. e4 c5 2. Nf3 e6 3. d4 cxd4 4. Nxd4 Nc6 5. Nc3 Qc7 6. Be2 a6 7. O-O Nf6 8.
Be3 Bb4 9. Na4 O-O 10. Nxc6 bxc6 11. Nb6 Rb8 12. Nxc8 Rfxc8 13. Bxa6 Rf8 14.
Bd3 Bd6 15. Bg5 Bxh2+ 16. Kh1 Be5 17. c3 h6 18. Bc1 Bf4 19. Qe2 Bxc1 20. Rfxc1
Qe5 21. b4 Qg5 22. g3 d5 23. a4 Rfd8 24. Rc2 c5 25. bxc5 dxe4 26. Bxe4 Qxc5 27.
a5 Nxe4 28. Qxe4 Ra8 29. a6 Ra7 30. Qe3 Qc6+ 31. Kh2 Rxa6 32. Rxa6 Qxa6 33. c4
Qc6 34. Rc1 f6 35. Kg1 e5 36. c5 Rd4 37. Qb3+ Kh7 38. Qc2+ e4 39. Rb1 f5 40.
Rb6 Qa4 41. Qxa4 Rxa4 42. Rd6 Rc4 43. c6 Rc1+ 44. Kg2 h5 45. Re6 g6 46. Re7+
Kh6 47. c7 Kg5 48. Rg7 Rc2 49. Kg1 Kf6 50. Rd7 h4 51. gxh4 f4 52. Rh7 Kf5 53.
Rg7 Kg4 54. Rxg6+ Kf3 55. Rf6 Rxc7 56. h5 Rc1+ 57. Kh2 Rc5 58. h6 Rg5 59. Kh1
Rg4 60. Kh2 Rg5 61. Kh1 Rh5+ 62. Kg1 Kg4 63. Rg6+ Kf3 64. Rf6 Rh4 65. Rg6 Ke2
66. Re6 e3 67. fxe3 f3 68. Rf6 Rh5 69. e4 Rg5+ 70. Kh2 f2 71. h7 Rh5+ 72. Kg2
Rg5+ 73. Kh2 Rh5+ 74. Kg2 Rg5+ 75. Kh2 1/2-1/2

[Event "Condigne Dutch Open 2016"]
[Site "dieren"]
[Date "2016.07.29"]
[Round "4"]
[White "Nachbar, Benjamin"]
[Black "Maatman, Nick"]
[Result "1/2-1/2"]
[WhiteElo "2124"]
[BlackElo "2314"]
[PlyCount "60"]
[EventDate "2016.07.27"]
[EventCountry "NED"]

1. c4 e6 2. Nf3 d5 3. e3 Nf6 4. b3 c6 5. Bb2 Nbd7 6. Qc2 Bd6 7. g4 h6 8. Rg1
Qe7 9. h4 e5 10. g5 hxg5 11. hxg5 Ne4 12. Be2 Nf8 13. Nc3 Nxc3 14. Qxc3 Ng6 15.
O-O-O Bf5 16. d3 Bb4 17. Qc2 Ba3 18. Rh1 $11 Rxh1 19. Rxh1 Bxb2+ 20. Kxb2 Rd8
21. Qc3 d4 22. exd4 exd4 23. Qd2 c5 24. Nh4 Nxh4 25. Rxh4 b6 26. Bg4 Bxg4 27.
Rxg4 Rd6 28. Re4 Re6 29. Rxe6 Qxe6 30. Qf4 Qe2+ 1/2-1/2

[Event "Condigne Dutch Open 2016"]
[Site "dieren"]
[Date "2016.07.29"]
[Round "4"]
[White "Gerlagh, Joris"]
[Black "Boersma, Jan"]
[Result "1-0"]
[WhiteElo "2172"]
[BlackElo "2094"]
[PlyCount "67"]
[EventDate "2016.07.27"]
[EventCountry "NED"]

1. e4 c5 2. Nf3 g6 3. d4 cxd4 4. Nxd4 Nc6 5. Be3 Nf6 6. Nc3 Bg7 7. Bc4 O-O 8.
Bb3 Re8 9. f3 e6 10. O-O d5 11. exd5 exd5 12. Bf2 Na5 13. Qd3 Nxb3 14. axb3 Nh5
15. Rfe1 Be6 16. Qd2 a6 17. Nde2 Rc8 18. Bd4 Bf8 19. Ng3 Qh4 20. Nxh5 Qxh5 21.
Re5 Qh4 22. g3 Qd8 23. Rae1 Qd7 24. Qe3 Bg7 25. h4 h5 26. g4 hxg4 27. h5 gxf3
28. h6 Bf6 29. Qf4 Bh8 30. h7+ Kf8 31. Rxd5 f2+ 32. Kxf2 g5 33. Bxh8 Bxd5 34.
Bf6 1-0

[Event "Condigne Dutch Open 2016"]
[Site "dieren"]
[Date "2016.07.29"]
[Round "4"]
[White "Geurink, Jasper"]
[Black "Sparenberg, Erik"]
[Result "1-0"]
[WhiteElo "2359"]
[BlackElo "2147"]
[PlyCount "57"]
[EventDate "2016.07.27"]
[EventCountry "NED"]

1. e4 e5 2. Nf3 Nc6 3. Bc4 Nf6 4. d3 Be7 5. O-O O-O 6. a4 d6 7. h3 Be6 8. Nc3
Qd7 9. Ng5 Bxc4 10. dxc4 Nd4 11. f4 Qc6 12. Qd3 Nd7 13. Nd5 Bd8 14. f5 Nc5 15.
Qd1 h6 16. Nf3 Nxe4 17. Nxd4 exd4 18. f6 Nxf6 19. Nxf6+ Bxf6 20. Rxf6 gxf6 21.
Qg4+ Kh8 22. Qh4 Qc5 23. Bxh6 Qf5 24. Rf1 Qh7 25. Qxf6+ Kg8 26. Rf4 Qg6 27. Rg4
Kh7 28. Rxg6 fxg6 29. Qg7# 1-0

[Event "Condigne Dutch Open 2016"]
[Site "dieren"]
[Date "2016.07.29"]
[Round "4"]
[White "De Jong, Migchiel"]
[Black "Klaver, Cornelis"]
[Result "1-0"]
[WhiteElo "2342"]
[BlackElo "2106"]
[PlyCount "55"]
[EventDate "2016.07.27"]
[EventCountry "NED"]

1. e4 c6 2. d4 d5 3. Nd2 dxe4 4. Nxe4 Nf6 5. Nxf6+ gxf6 6. c3 Qd5 7. Be3 Bf5 8.
Ne2 e6 9. Nf4 Qa5 10. Qh5 Qc7 11. Bc4 Kd8 12. O-O-O Bd6 13. Qf3 b5 14. Bb3 Ke7
15. g4 Bg6 16. h4 h5 17. Nxg6+ fxg6 18. Qe4 Qc8 19. gxh5 Rxh5 20. Qxg6 Qe8 21.
Qg4 f5 22. Bg5+ Kd7 23. Bxe6+ Qxe6 24. Qxh5 Qxa2 25. Qh7+ Kc8 26. Rhe1 Nd7 27.
Re8+ Kc7 28. Rxa8 1-0

[Event "Condigne Dutch Open 2016"]
[Site "dieren"]
[Date "2016.07.29"]
[Round "4"]
[White "Lecomte, Robin"]
[Black "Elgersma, Simon"]
[Result "1/2-1/2"]
[WhiteElo "2288"]
[BlackElo "1981"]
[PlyCount "80"]
[EventDate "2016.07.27"]
[EventCountry "NED"]

1. c4 Nf6 2. Nc3 g6 3. g3 Bg7 4. Bg2 d6 5. e3 O-O 6. Nge2 Nc6 7. O-O Bd7 8. d4
a6 9. a3 Rb8 10. b4 b5 11. Qb3 e5 12. d5 Ne7 13. c5 Qc8 14. e4 Bh3 15. f3 Bxg2
16. Kxg2 Nh5 17. a4 f5 18. axb5 axb5 19. Ra5 fxe4 20. Nxe4 Nf6 21. N2c3 Nxe4
22. Nxe4 Nf5 23. Qd3 Qb7 24. Bd2 Kh8 25. Bc3 dxc5 26. Nxc5 Qxd5 27. Qxd5 Ne3+
28. Kf2 Nxd5 29. Bd2 Rf7 30. Re1 c6 31. Ne6 Re8 32. Ng5 Rd7 33. Ne4 Bf8 34. Rb1
Nf6 35. Be3 Nxe4+ 36. fxe4 Kg7 $11 37. Ra6 Re6 38. Ke2 Kf7 39. Rf1+ Kg7 40. Rb1
Kf7 1/2-1/2